| 000 | 00655cam a22002293a 4500 | ||
|---|---|---|---|
| 001 | 14064 | ||
| 003 | PGUSA | ||
| 005 | 20140828083312.0 | ||
| 008 | 041116s2004||||xxu|||||s|||||000 | eng d | ||
| 040 |
_aPGUSA _beng |
||
| 042 | _adc | ||
| 050 | 4 | _aBP | |
| 100 | 1 |
_aHayes, H. E. E. _q(Herbert Edward Elton) |
|
| 245 | 1 | 0 |
_aMohammed, The Prophet of Islam _h[electronic resource] / _cH. E. E. Hayes |
| 260 |
_bProject Gutenberg, _c2004 |
||
| 506 | _aPublic domain in the USA. | ||
| 516 | _aElectronic text | ||
| 653 | _aMuhammad, Prophet, d. 632 | ||
| 830 | 0 |
_aProject Gutenberg _v14064 |
|
| 856 | 4 | 0 | _uhttp://www.gutenberg.org/ebooks/14064 |
| 942 | _cEB | ||
| 999 |
_c243319 _d243319 |
||